STN EN ISO 15702: 2001 (79 3863), Usne. Skúšky stálofarebnosti. Stálofarebnosť pri praní v práčke (ISO 15702: 1998)
Táto národná norma je identická s EN ISO 15702: 1999
| Main Author: | |
|---|---|
| Corporate Author: | |
| Other Authors: | |
| Format: | Book |
| Language: | Slovak English |
| PhysicalDescription: | 12 s. 30 cm |
| Published: |
Bratislava
Slovenský ústav technickej normalizácie
2001
|
| Subjects: |
MARC
| LEADER | 00000cam a2200000 a 4500 | ||
|---|---|---|---|
| 001 | vtls010643157 | ||
| 003 | SK-MaSNL | ||
| 005 | 20260301093540.0 | ||
| 008 | 160429s2001 xo f u 000 0 slo | ||
| 015 | |a SNBN2015 | ||
| 020 | |c (cen. skup. 10) | ||
| 040 | |a SNK |b slo |c SNK |e AACR2 | ||
| 041 | 1 | |a slo |h eng | |
| 044 | |a xo |c SK | ||
| 046 | |a s |m 200107 (účin.) | ||
| 072 | 7 | |a 675 |x Kožiarsky priemysel |2 konspekt | |
| 072 | 7 | |a 620.1/.2 |x Náuka o materiáli |2 konspekt | |
| 080 | |a 675.1 |2 2001 | ||
| 080 | |a 006.86 |2 2001 | ||
| 080 | |a (437.6) |2 2001 | ||
| 080 | |a (4) |2 2001 | ||
| 080 | |a (083) |2 2001 | ||
| 080 | |a 620.2-026.5/.8 |2 2001 | ||
| 080 | |a 648.22/.24 |2 2001 | ||
| 084 | |a 59.140.30 |2 ICS | ||
| 130 | 0 | |a STN 79 3863 (STN EN ISO 15702) |9 426079 | |
| 245 | 1 | 0 | |a STN EN ISO 15702: 2001 (79 3863), Usne. Skúšky stálofarebnosti. Stálofarebnosť pri praní v práčke (ISO 15702: 1998) |
| 246 | 1 | 0 | |a Usne |
| 246 | 1 | 0 | |a Skúšky stálofarebnosti |
| 246 | 1 | 0 | |a Stálofarebnosť pri praní v práčke |
| 246 | 3 | 0 | |a EN ISO 15702: 1999 E |
| 260 | |a Bratislava |b Slovenský ústav technickej normalizácie |c 2001 | ||
| 300 | |a 12 s. |c 30 cm | ||
| 500 | |a Súbežný názov v angličtine, francúzštine, nemčine | ||
| 500 | |a Spracovateľ: VIPOTEST Partizánske, Marta Machálková ; SÚTN Bratislava, Oľga Balážová | ||
| 504 | |a Citované normy s. 2 ; literatúra s. 9 | ||
| 520 | 8 | |a Táto národná norma je identická s EN ISO 15702: 1999 | |
| 540 | |a STN vydané na akomkoľvek nosiči sa môžu rozmnožovať a rozširovať iba so súhlasom určenej právnickej osoby |b SÚTN Bratislava |c zákon 264/1999 Z. z. | ||
| 650 | 0 | 7 | |a koža (materiál) |2 SNKPH |9 87244 |
| 650 | 0 | 7 | |a technické normy a štandardy |z krajiny Európskej únie |2 SNKPH |9 289341 |
| 650 | 0 | 7 | |a technické normy a štandardy |z Slovensko |2 SNKPH |9 79594 |
| 650 | 0 | 7 | |a Leather |2 SNKPHeng |9 409975 |
| 650 | 0 | 7 | |a vlastnosti materiálov |2 SNKPH |9 69700 |
| 650 | 0 | 7 | |a usne |2 SNKPH |9 318936 |
| 650 | 0 | 7 | |a hides and skins |2 SNKPHeng |9 419411 |
| 650 | 0 | 7 | |a Materials properties |2 SNKPHeng |9 274717 |
| 650 | 0 | 7 | |a pranie |2 SNKPH |9 51170 |
| 650 | 0 | 7 | |a Washing |2 SNKPHeng |9 426080 |
| 655 | 7 | |a normy |2 SNKPH |9 70643 | |
| 700 | 1 | |a Machálková, Marta |4 trl |9 318891 | |
| 700 | 1 | |a Balážová, Oľga |4 aut |9 278927 | |
| 710 | 2 | |a Slovenský ústav technickej normalizácie (Bratislava, Slovensko). |b Technická normalizačná komisia č. 24 Materiály a výrobky kožiarskeho priemyslu |4 stn |9 419409 | |
| 710 | 2 | |a VIPOTEST (Partizánske, Slovensko) |4 trl |9 407724 | |
| 852 | |a Štátna vedecká knižnica v Banskej Bystrici | ||
| 958 | |a OP | ||
| 958 | |a NB | ||
| 999 | |c 677366 |d 679296 | ||
| 952 | |a SNK |b SNK |y PREZ |7 0 |p 17A1132912 |o snkSTN EN ISO 15702 |i snk2014/27935 |8 0 |0 0 |1 0 |4 0 |d 2014-12-15 |l 0 |r 2026-02-23 19:46:12 |w 2026-02-23 | ||
| 952 | |a SNK |b SNK |y PREZ |7 0 |p 17A1132913 |o snkSTN EN ISO 15702 D1 |i snk2014/27936 |8 0 |0 0 |1 0 |4 0 |d 2014-12-15 |l 0 |r 2026-02-23 19:46:12 |w 2026-02-23 | ||


